Normal view MARC view
  • Nabisha Farooq. Supervisor: Dr Zartasha Mustansar

Entry Personal Name

Number of records used in: 1

001 - CONTROL NUMBER

  • control field: 12712

003 - CONTROL NUMBER IDENTIFIER

  • control field: NUST

005 - DATE AND TIME OF LATEST TRANSACTION

  • control field: 20181219070228.0

008 - FIXED-LENGTH DATA ELEMENTS

  • fixed length control field: 181219|| aca||aabn | a|a d

040 ## - CATALOGING SOURCE

  • Original cataloging agency: NUST
  • Transcribing agency: NUST

100 ## - HEADING--PERSONAL NAME

  • Personal name: Nabisha Farooq. Supervisor: Dr Zartasha Mustansar

670 ## - SOURCE DATA FOUND

  • Source citation: Work cat.: (NUST): Nabisha Farooq. Supervisor: Dr Zartasha Mustansar, MS/Thesis:Computational Modeling of Coronary Blood Flow in 3D:An Insight into The Mechanical Environment of Atherosclerosis ; Using Image Based FE--- Modeling and Fluid Structure Interaction (FSI) , Oct,2018.
© 2023 Central Library, National University of Sciences and Technology. All Rights Reserved.